书目信息 |
| 题名: |
星载SAR无控高精度处理
|
|
| 作者: | 张过 著 | |
| 分册: | ||
| 出版信息: | 北京 科学出版社 2018.11 |
|
| 页数: | 152页 | |
| 开本: | 27cm | |
| 丛书名: | ||
| 单 册: | ||
| 中图分类: | TP75 | |
| 科图分类: | ||
| 主题词: | 卫星图象--wei xing tu xiang--图象处理--研究 | |
| 电子资源: | ||
| ISBN: | 978-7-03-059337-5 | |
| 000 | 01101nam0 2200253 450 | |
| 001 | CAL 0120182643538 | |
| 005 | 20190115141149.9 | |
| 010 | @a978-7-03-059337-5@b精装@dCNY120.00 | |
| 100 | @a20190115d2018 em y0chiy50 ea | |
| 101 | 0 | @achi |
| 102 | @aCN@b110000 | |
| 105 | @aak a 000yy | |
| 106 | @ar | |
| 200 | 1 | @a星载SAR无控高精度处理@Axing zai SAR wu kong gao jing du chu li@f张过著@Fzhang guo zhu |
| 210 | @a北京@c科学出版社@d2018.11 | |
| 215 | @a152页@c图 (部分彩图)@d27cm | |
| 320 | @a有书目 (第147-152页) | |
| 330 | @a本书针对SAR卫星传感器特点, 提出从几何模型、几何定标、标准产品生产和区域网平差一整套几何遥感的理论和方法。简要介绍了内外高分SAR卫星的发展现状与存在的问题, 描述与定义了精度处理与应用的相关基本概念, 并对SAR影像处理常用的相关坐标系的定义及转换模型进行了述。给出了用于高分SAR卫星的几何定位模型, 梳理了像链路中影响几何定位精度的各项误差源, 并对误差特性进行了导分析。 | |
| 586 | @a | |
| 606 | 0 | @a卫星图象@Awei xing tu xiang@x图象处理@x研究 |
| 690 | @aTP75@v5 | |
| 701 | 0 | @a张过@Azhang guo@4著 |
| 801 | 0 | @aCN@c20190115 |
| 905 | @a河南城建学院图书馆@dTP75@eZ106@f1 | |
| 星载SAR无控高精度处理/张过著.-北京:科学出版社,2018.11 |
| 152页:图 (部分彩图);27cm |
| ISBN 978-7-03-059337-5(精装):CNY120.00 |
| 本书针对SAR卫星传感器特点, 提出从几何模型、几何定标、标准产品生产和区域网平差一整套几何遥感的理论和方法。简要介绍了内外高分SAR卫星的发展现状与存在的问题, 描述与定义了精度处理与应用的相关基本概念, 并对SAR影像处理常用的相关坐标系的定义及转换模型进行了述。给出了用于高分SAR卫星的几何定位模型, 梳理了像链路中影响几何定位精度的各项误差源, 并对误差特性进行了导分析。 |
| ● |
| 相关链接 |
|
|
|
正题名:星载SAR无控高精度处理
索取号:TP75/Z106
 
预约/预借
| 序号 | 登录号 | 条形码 | 馆藏地/架位号 | 状态 | 备注 |
| 1 | 1409962 | 214099624 | 自科库301/301自科库 136排2列2层/ [索取号:TP75/Z106] | 在馆 |